000 00461nam a2200169Ia 4500
999 _c20733
_d20733
003 OSt
005 20200630111730.0
008 190216s9999||||xx |||||||||||||| ||und||
040 _coclc
082 _a934
_bSHA/H
100 _aSharma, L P
_93025
245 0 _aHistory Of Ancient India /
_cL P Sharma
250 _a3rd Ed.
260 _bKonark Pub Pvt,
_c1997.
_aNew Delhi:
300 _a401p
942 _cBK
_2ddc
_h934
_iSHA/H
_k934
_mSHA/H